Регионална библиотека "Любен Каравелов" - Русе

Само ти, солдатино чудесни (Запис номер 163206)

MARC детайли
000 -Лидер
Контролно поле с фиксирана дължина 01430nam a2200325 c 4500
003 - Код на организацията, давaща контролен номер
Контролно поле BLK
005 - Дата и час на последна редакция
Контролно поле 20220323154207.0
008 - Елементи от данни с фиксирана дължина
fixed length control field 180410b bul|||||r ||||||| ||bul||
010 ## - Наследен системен номер
LC control number KNG00170611000
040 ## - Източник на каталожния запис
Идентификатор на билиотеката - собственик на записа BLK
041 ## - Код за език
Код за езика на текст/звукозапис или на отделно заглавие Български
Код за езика КДБФ Български
080 ## - УДК
Текстов определител УДК Българска литература
УДК код - определител по УДК 821.163.2
УДК определител -32
УДК - код + определител 821.163.2-32
100 1# - Редна дума - Автор
Автор Вазов, Иван Минчов
Авторска отговорност първи автор
R(LIN) 363396
139 ## - Редно поле
Редна дума Вазов, Иван Минчов
Авторски знак Вазов, Ив. - В 15
245 10 - Сведения за заглавието
Заглавие Само ти, солдатино чудесни
Подзаглавни данни Стихове и разкази
Редно поле (дума) Иван Минчов Вазов; състав. Христо Йорданов; предг. от Здравко Петров.
257 ## - Страна на издаване
Страна на създаване/издаване България
260 ## - Област на издателските данни
Място на издаване, разпространение и проч. София
Име на издателя, разпространителя и проч. Воен. изд.
Година на издаване 1981
Печатница София : Воен. изд.
300 ## - Физическа характеристика
Страници 284 с.
Размери/Мащаб 21 см
380 ## - Жанр
Жанр Худож. лит.
490 1# - СЕРИИ (Колекции)
Име на серия Дълг
490 1# - СЕРИИ (Колекции)
Име на серия Военно-литературно наследство
№: серия 1
500 ## - Общи забележки
Забележка 8 130 тир.
700 1# - Други автори (авторска отговорност)
Лично име Йорданов, Христо
Автороска отговорност (Описва отношението между автора и произведението) състав.
Друга информация Христов, Христо Йорданов
9 (RLIN) 381921
700 1# - Други автори (авторска отговорност)
Лично име Петров, Здравко
Автороска отговорност (Описва отношението между автора и произведението) предг. от
Друга информация Желев, Здравко Петров
9 (RLIN) 367839
852 ## - Местоположение
Форматна сигнатура Цб 111969
856 4# - Електронен адрес и достъп
Електронен формат pdf - файл
856 4# - Електронен адрес и достъп
Електронен формат pdf - файл
999 ## - СИСТЕМНИ КОНТРОЛНИ НОМЕРА
Koha biblionumber 163206
Koha biblioitemnumber 163206
942 ## - АРТИКУЛИ
Вид на библиотечния материал Книги
Скрит в OPAC Не
Периодичен библиозапис Да
944 ## - СЪЗДАВАНЕ И РЕДАКЦИЯ на ЗАПИСА
Създаване/Редакция Създаване
Дата на регистрацията/редакция 31.01.2015
Статус, дата на статуса 31.01.2015 - от С1,Р / 31.01.2015
Служител, извършил регистрацията/редакцията Павлина_Енева
944 ## - СЪЗДАВАНЕ И РЕДАКЦИЯ на ЗАПИСА
Създаване/Редакция Редакция
Дата на регистрацията/редакция 31.01.2015
Статус, дата на статуса 31.01.2015 - от С1,Р / 31.01.2015
999 ## - СИСТЕМНИ КОНТРОЛНИ НОМЕРА
Koha biblioitemnumber 163206
Наличности
Код за отписване Код за изгубен артикул Източник на класификационната схема Код за повреда Коз за рестрикции Код за отдаване Артикулен № Име на библиотеката - собственик Име на библиотеката, в която се намира в момента Статус (Текущо местоположение) Дата на вписване в системата Местоположение - отдел Цена в лева Инвентарен номер Систематично азбучна сигнатура Баркод Номер на екземпляра Цена в евро Служебна бележка Служебен тип на артикула Бележка за публиката
  Не е изгубен Universal Decimal Classification Не е повреден без рестрикции ползва се в читалня 273113 Регионална библиотека "Любен Каравелов" Русе Регионална библиотека "Любен Каравелов" Русе Хранилище 1981-01-01 Хранилище 1.80 339802 Цб 111969 120000339802 1 0.92 N: стар фонд Дата: 01.01.1981 Книги  
Изтеглен Не е изгубен Universal Decimal Classification Не е повреден без рестрикции заемане за дома 273114 Регионална библиотека "Любен Каравелов" Русе Регионална библиотека "Любен Каравелов" Русе Заемна - подръчен фонд 1981-01-01 Заемна - подръчен фонд 1.80 339996 П 886.7-32/В 15 339996 2 0.92 N: стар фонд Дата: 01.01.1981 Книги  
Изтеглен Не е изгубен   Не е повреден без рестрикции заемане за дома 273115 Регионална библиотека "Любен Каравелов" Русе Регионална библиотека "Любен Каравелов" Русе   1981-01-01 Заемна - подръчен фонд 1.80 339997 П 886.7-32/В 15 339997 3 0.92 N: стар фонд Дата: 01.01.1981 Книги Отч.N: 3 , Дата: 17.01.2018
Изтеглен Не е изгубен Universal Decimal Classification Не е повреден без рестрикции заемане за дома 273116 Регионална библиотека "Любен Каравелов" Русе Регионална библиотека "Любен Каравелов" Русе Заемна - подръчен фонд 1981-01-01 Заемна - подръчен фонд 1.80 339999 П 886.7-32/В 15 339999 4 0.92 N: стар фонд Дата: 01.01.1981 Книги  
Изтеглен Не е изгубен Universal Decimal Classification Не е повреден без рестрикции заемане за дома 273117 Регионална библиотека "Любен Каравелов" Русе Регионална библиотека "Любен Каравелов" Русе Детски отдел 1981-01-01 Детски отдел 1.80 340060 ДХ 886.7/В 15 340060 5 0.92 N: стар фонд Дата: 01.01.1981 Дата инв: 31.08.2015 Бележки инв: Д2015 Книги  
Изтеглен Не е изгубен Universal Decimal Classification Не е повреден без рестрикции заемане за дома 273118 Регионална библиотека "Любен Каравелов" Русе Регионална библиотека "Любен Каравелов" Русе Детски отдел 1981-01-01 Детски отдел 1.80 340062 ДХ 886.7/В 15 340062 6 0.92 N: стар фонд Дата: 01.01.1981 Дата инв: 31.08.2015 Бележки инв: Д2015 Книги  
Vip Innovations Ltd, Rousse, Bulgaria 2025